000 00479nam a2200181Ia 4500
003 GCL
008 140319s9999 xx 000 0 eng d
040 _aGCL /
_cGCL
082 0 4 _a720.47
_bS A
100 1 _aSTEELE, JAMES
245 1 0 _aARCHITECTURE FOR A CHANGING WORLD /
_cSTEELE, JAMES
260 _a[S.N] :
_bACADEMY EDITIONS ،
_c1992
300 _a212 P
650 0 4 _aARCHITECTURE
650 0 4 _aTHIRD WORLD
650 0 4 _aARCHITECTURE AND ENVIRONMENT
942 _2ddc
_cBK
999 _c12235
_d12235